Enfoque administrativo de la mercadotecnia (Registro nro. 21623)

Detalles MARC
000 -Cabecera
Campo de control interno 00812nam a2200253Ia 4500
005 - Fecha y hora del registro
control field 20260320113259.0
008 - Elementos de Longitud Fija
fixed length control field 260320s9999||||xx |||||||||||||| ||und||
041 ## - Idioma
Codigo Idioma ESP
082 ## - DEWEY y NOTACIÓN INTERNA
Dewey 658.81
Notación Interna S78
100 ## - AUTOR
Autor denominación Staudt, Thomas,
Término de relación autor
245 #0 - TÍTULO DE MATERIAL BIBLIOGRÁFICO
Título  Enfoque administrativo de la mercadotecnia
Título paralelo
246 ## - TÍTULO TRADUCIDO
Título
Título paralelo
Autor
250 ## - EDICIÓN
Edición Segunda edición
260 ## - CIUDAD, EDITORIAL, AÑO
Ciudad México, D. F. :
Nombre de la Editorial Herrero Hermanos,
Año 1969
300 ## - DESCRIPCIÓN
N° Páginas xvii, 674 páginas :
Otros detalles
Dimensiones 23 cm.
Material Adicional
440 ## - MENCIÓN DE SERIE
Título de la Serie
Número de Serie
Volumen de Serie
650 ## - TEMAS
Temas Tecnología (Ciencias Aplicadas)
653 ## - DESCRIPTORES
Lenguajes no controlado Administración; Mercadotecnia; Gerencia de ventas
654 ## - PROGRAMAS
Programa Dpto. de Administración de Negocios
700 ## - OTROS AUTORES
Otros autores Taylor, Donald A.,
Títulos y otras palabras asociadas con el nombre autor
856 ## - URL - UBICACIÓN
URI/URL: Enlace exacto del recurso <a href="https://ebooks7-24-com.ucsp.lookproxy.com/stage.aspx?il=&pg=&ed=">https://ebooks7-24-com.ucsp.lookproxy.com/stage.aspx?il=&pg=&ed=</a>
Nota pública: Versión digital <a href="Véase además: Investigación de mercados. Versión digital">Véase además: Investigación de mercados. Versión digital</a>
942 ## - ELEMENTOS DE KOHA
Tipo de documento Libro
Nombre del creador Justo Noguera
Código de catalogador Tania Ramirez
Esquema de clasificación Dewey Decimal Classification
Suppress in OPAC
Existencias
Codigo completo Registro Colección Copia número Disponibilidad Tipo de préstamo Biblioteca Actual Procedencia (Biblioteca) Ubicacón Fecha Ingreso Tipo de Adquisición Observación Date last seen Total checkouts Price effective from Tipo de Item Estado del Material Fuente de Clasificación Damaged status Withdrawn status
658.81 S78 1085004 Universidad Católica San Pablo 1 Disponible Disponible Víctor Andrés Belaunde Víctor Andrés Belaunde Planta baja cerrada 10/03/2026 Compra Contabilidad 20/03/2026   20/03/2026 Libro Bueno Dewey Decimal Classification